[Event "Stuttgart-chB int"]
[Site "Ditzingen"]
[Date "2012.05.19"]
[Round "6"]
[White "Gheng, Dominik"]
[Black "Reinhold, Nils"]
[Result "1-0"]
[WhiteElo "1648"]
[BlackElo "1349"]
[PlyCount "115"]
[EventDate "2012.05.17"]
[EventType "swiss"]
[EventRounds "7"]
[EventCountry "GER"]
[SourceTitle "EXT 2018"]
[Source "ChessBase"]
[SourceDate "2017.10.13"]
[SourceVersion "1"]
[SourceVersionDate "2017.10.13"]
[SourceQuality "1"]

1. e4 e5 2. Nf3 Nc6 3. Bb5 a6 4. Ba4 Nf6 5. 0-0 b5 6. Bb3 Bb7 7. c3 d5 8. exd5 Nxd5 9. Re1 f6 10. d4 Nb6 11. dxe5 Qxd1 12. Bxd1 0-0-0 13. exf6 gxf6 14. Bf4 Nd5 15. Bg3 Bd6 16. Bb3 Ne5 17. Bxe5 fxe5 18. Nxe5 Rhe8 19. Nf3 Rg8 20. Nbd2 a5 21. a4 b4 22. cxb4 Bxb4 23. Re5 Rg7 24. Ne4 Nf4 25. Rg5 Rxg5 26. Nexg5 h6 27. Ne6 Nxe6 28. Bxe6+ Kb8 29. Bg4 Rg8 30. h3 Bd6 31. Re1 Rd8 32. Re6 Bf4 33. g3 Rd1+ 34. Kg2 Bc1 35. Re5 Bxb2 36. Rxa5 Rd4 37. Rb5 Ba3 38. a5 Ka7 39. Rxb7+ Kxb7 40. Nxd4 c5 41. Nc2 Bb4 42. Nxb4 cxb4 43. Be6 Ka6 44. f4 Kxa5 45. f5 Kb6 46. f6 h5 47. f7 b3 48. Bxb3 h4 49. f8Q hxg3 50. Qc8 Ka5 51. Kxg3 Kb6 52. Kf4 Ka5 53. Ke5 Kb6 54. Kd6 Ka5 55. Qc5+ Ka6 56. Bc4+ Kb7 57. Qc7+ Ka8 58. Bd5# 1-0